[Event "6th GRENKE Chess Classic 2019"]
[Site "Karlsruhe/Baden-Baden"]
[Date "2019.04.23"]
[Round "4.5"]
[White "Meier, Georg"]
[Black "Vachier-Lagrave, Maxime"]
[Result "0-1"]
[WhiteElo "2628"]
[BlackElo "2773"]
[Annotator "TA"]
[PlyCount "188"]
[EventDate "2019.03.30"]
[EventType "tourn"]
[EventCountry "GER"]
[SourceTitle "playchess.com"]
[Source "ChessBase"]
[SourceQuality "1"]

{[%evp 9,188,12,26,18,24,-9,8,-11,-11,-11,-17,-6,14,-13,22,14,29,0,0,0,0,0,0,-11,-15,-5,-5,-6,-8,-12,0,0,34,33,24,20,25,14,27,27,62,66,80,32,30,43,38,2,2,2,5,8,8,8,8,5,4,-8,-8,-77,-16,-75,-75,-69,-90,-146,-135,-125,-129,-133,-137,-115,-43,-40,-22,-22,-22,-32,-22,-22,-22,-22,-22,-22,-22,-22,-22,-22,-8,-8,-8,-8,0,-8,-8,-8,-8,-14,-8,-8,-8,-22,0,-8,-8,-8,-8,-8,-8,-8,-8,-8,-8,-8,-8,-24,-25,-31,-31,-66,-59,-68,-66,-66,-49,-49,-43,-68,-68,-80,-87,-71,-71,-653,-663,-1819,-1549,-580,-576,-2220,-1350,-910,-522,-494,-438,-2018,-2011,-5408,-4199,-903,-5506,-4586,-106,-106,-232,-29974,-138,-29975,-29976,-29976,-29977,-29969,-29970,-29970,-29971,-29971,-29972,-29972,-29973,-29970,-29974,-29968,-29975,-29975,-29976,-29971,-29976,-29976,-29977,-29978,-29978]} 1. d4 Nf6 2. c4 g6 3. Nc3 d5 4. Nf3 Bg7 5. h3 (5. h4 c6 6. cxd5 cxd5 7. Bf4 O-O 8. e3 Nc6 9. Qb3 Na5 10. Qa3 Nc6 11. Qb3 Na5 12. Qa3 Nc6 {½-½ (34) Swiercz,D (2655)-Nepomniachtchi,I (2771) Astana 2019}) 5... dxc4 6. e4 {D90: Grünfeld: 4 Nf3 Bg7 sidelines} c5 7. d5 O-O 8. Bxc4 {The position is equal.} b5 $146 {[%cal Rb5c4]} ({Predecessor:} 8... a6 9. a4 Nfd7 10. a5 b5 11. axb6 Qxb6 12. O-O Ne5 13. Nxe5 Bxe5 {1-0 (33) Radin,D (2043)-Gajcin,S (1755) Novi Sad 2016}) 9. Nxb5 Nxe4 10. O-O Ba6 11. Qe2 Nd6 12. Nxd6 Qxd6 13. Re1 Bxc4 14. Qxc4 Rd8 15. Bf4 Qxd5 16. Qxd5 Rxd5 17. Rxe7 {Hoping for Re8+.} Nc6 18. Re2 Nb4 19. Rae1 {Black must now prevent Re8+.} h6 20. b3 Kh7 21. Re7 Rf5 22. Bg3 {aiming for Nh4.} g5 23. Ne5 Kg8 24. Nc4 Bd4 25. R1e2 Nd5 26. Re8+ Rxe8 27. Rxe8+ Kh7 28. Ra8 Nc3 29. Rxa7 Ne2+ 30. Kh2 Bxf2 31. Bxf2 Rxf2 $11 {[%mdl 4096] Endgame KRN-KRN} 32. Ne5 Nf4 33. Rxf7+ Kg8 34. Rf6 (34. Kg3 $11 Rxa2 35. Rb7) 34... Rxg2+ $17 35. Kh1 {And now Rxf4! would win.} Re2 $1 {[%cal Re2e5]} 36. Nd7 Kg7 {Strongly threatening ...Rd2.} ({Don't play} 36... Nxh3 37. Rxh6 Nf2+ 38. Kg2 $11) 37. Ra6 (37. Rc6 $142) 37... Nxh3 38. Nxc5 Nf4 39. Ra4 Kg6 40. Ne4 Rb2 ({Black should try} 40... Re3 $17 41. Kg1 Kf5 42. Nd6+ Kg4) 41. Ng3 $1 $15 Kf6 42. Ra6+ Ne6 43. Ra4 Nc5 44. Ra5 Nd3 45. Ra6+ Ke5 46. Rxh6 Rxa2 47. Rh8 Rb2 48. Rf8 g4 49. Kg1 Rxb3 50. Re8+ Kd5 51. Rd8+ Ke6 52. Re8+ Kf6 53. Rf8+ Ke7 54. Rg8 Rb1+ 55. Kg2 Nf4+ 56. Kf2 Rb2+ 57. Ke3 Nd5+ 58. Kd4 Nf6 59. Rg5 Ke6 60. Re5+ Kf7 61. Rg5 Rb4+ 62. Ke5 Nh7 63. Rf5+ Kg6 {...Rb3 is the strong threat.} 64. Rf1 Rb3 65. Ne2 Rb5+ 66. Kd4 Ng5 67. Nf4+ Kf5 {Threatens to win with ...Rb4+.} 68. Ng2+ Nf3+ 69. Ke3 Rb3+ 70. Kf2 Nh2 71. Ra1 $2 {[%mdl 8192]} (71. Rc1 $17) 71... g3+ $19 72. Kg1 Nf3+ 73. Kh1 Rb2 $1 {[%cal Rb2d2]} 74. Ra5+ Ke4 $1 75. Ra1 Nd4 76. Kg1 Rf2 77. Ra4 Ke5 78. Ra5+ Kd6 79. Ra6+ Kc5 (79... Ke7 $142 80. Ra7+ Ke6 81. Ra6+ Kf7 82. Ra7+ Kg6) 80. Ra5+ Kb4 $2 (80... Kc6 $19 {and Black stays clearly on top. ( -> ...Nf3+)} 81. Ra1 Kd6) 81. Ra1 $17 Kb3 (81... Ne2+ $17 82. Kh1 Kc4 83. Ra4+ Kd3 84. Ra3+ Kd4 85. Ra4+ Kd3) 82. Rd1 $2 (82. Kh1 $19) 82... Nf3+ $1 83. Kh1 Kb2 $1 {Black mates.} 84. Rg1 Nxg1 85. Kxg1 {KR-KN} Kc3 86. Ne3 Kd3 87. Nf1 Ke2 ({Not} 87... Rf3 88. Kg2 $15) 88. Nxg3+ Kf3 89. Nf5 Rd2 90. Nh4+ Kg3 {[%cal Rd2d1]} 91. Nf5+ {[#]} Kg4 $1 92. Ne3+ {[#]} Kf3 $1 93. Nf5 Rd5 94. Ne7 Rc5 {Accuracy: White = 66%, Black = 70%.} 0-1

[Event "6th GRENKE Chess Classic 2019"]
[Site "Karlsruhe/Baden-Baden"]
[Date "2019.04.24"]
[Round "5.1"]
[White "Carlsen, Magnus"]
[Black "Naiditsch, Arkadij"]
[Result "1/2-1/2"]
[WhiteElo "2845"]
[BlackElo "2695"]
[Annotator "TA"]
[PlyCount "119"]
[EventDate "2019.03.30"]
[EventType "tourn"]
[EventCountry "GER"]
[SourceTitle "playchess.com"]
[Source "ChessBase"]
[SourceQuality "1"]

{[%evp 13,119,15,32,20,12,16,15,11,28,6,16,6,12,6,17,3,5,4,8,10,14,2,18,12,14,0,0,0,7,0,0,5,18,0,16,16,31,19,36,0,3,3,28,0,0,0,0,0,0,0,0,-7,0,0,7,0,0,0,0,0,36,34,32,36,33,35,20,27,79,79,102,99,93,20,20,21,24,11,16,0,0,0,80,80,80,91,91,91,91,0,0,0,0,0,0,0,8,0,0,0,6,0,0,0,0,0,0,0]} 1. c4 e5 2. Nc3 Nf6 3. Nf3 Nc6 4. g3 Bb4 5. Nd5 a5 6. Bg2 O-O 7. O-O Re8 8. d3 {A29: English Opening: Four Knights Variation with 4 g3} (8. e3 Bf8 9. d4 d6 10. h3 h6 11. Nxf6+ Qxf6 12. d5 Nb4 13. e4 Bd7 14. Be3 Qg6 15. Qb1 Na6 {1-0 (42) Inarkiev,E (2727)-Zhigalko,S (2639) Poikovsky 2017}) 8... Nxd5 9. cxd5 Nd4 10. Nxd4 $146 ({Predecessor:} 10. Nd2 c6 11. e3 Nf5 12. a3 Bf8 13. b3 cxd5 14. Bxd5 Ne7 15. Bg2 d5 {½-½ (47) Jonckheere,P (2382)-Pakenas,P (2423) ICCF email 2005}) 10... exd4 11. e4 c6 12. Bf4 cxd5 13. a3 Bc5 14. b4 Bf8 15. exd5 d6 16. bxa5 Qxa5 17. Bd2 Qa6 18. Qf3 g6 19. Bb4 Bf5 20. Rad1 Re5 21. g4 Bd7 22. Qf4 h5 23. h3 hxg4 24. hxg4 Qb6 25. Bf3 Ba4 26. Rc1 Bg7 27. Kg2 Bb3 28. Rh1 Bxd5 29. Bxd5 Rxd5 30. Rh3 Qd8 31. Qf3 Rb5 32. Qg3 Qg5 33. Rc7 Rd8 34. Rh1 Qd5+ 35. Qf3 Qxf3+ 36. Kxf3 d5 37. Rhc1 Be5 38. Rc8 Rxc8 39. Rxc8+ $14 {[%mdl 4096] Endgame KRB-KRB} Kg7 40. g5 f6 (40... f5 $11 {remains equal.}) 41. Re8 $16 {[%mdl 1024] White has strong compensation.} Rb6 42. Re7+ Kg8 43. Kg4 (43. Kg2 $16) 43... f5+ $1 $11 44. Kf3 Bh2 45. Rd7 Rb5 46. Bd6 Bxd6 47. Rxd6 {KR-KR} Rb3 (47... Kf7 $11) 48. Rxg6+ $16 Kh7 49. Rh6+ Kg7 50. Kf4 Rxd3 {[#]} 51. a4 (51. Rd6 $1 $16) 51... Rc3 $11 {The position is equal.} 52. Rd6 Rc5 53. Rd7+ Kg6 54. Rxb7 {aiming for Rb6+.} Rc6 55. a5 {[#] Threatening mate with Rb6.} d3 {White must now prevent ...d2.} 56. Ke3 {White wants to mate with Rb6.} Rc5 57. f4 {a6 is the strong threat.} d2 $1 {[%cal Rd2d1]} 58. Kxd2 {Hoping for a6.} Rxa5 59. Rd7 Kh5 60. Ke3 {Accuracy: White = 54%, Black = 69%.} 1/2-1/2

[Event "6th GRENKE Chess Classic 2019"]
[Site "Karlsruhe/Baden-Baden"]
[Date "2019.04.24"]
[Round "5.2"]
[White "Anand, Viswanathan"]
[Black "Caruana, Fabiano"]
[Result "1/2-1/2"]
[WhiteElo "2774"]
[BlackElo "2819"]
[Annotator "TA"]
[PlyCount "80"]
[EventDate "2019.03.30"]
[EventType "tourn"]
[EventCountry "GER"]
[SourceTitle "playchess.com"]
[Source "ChessBase"]
[SourceQuality "1"]

{[%evp 18,80,18,19,21,11,18,13,29,9,9,18,14,17,17,21,21,12,12,16,14,16,20,16,13,18,22,6,13,6,6,6,3,1,5,5,5,0,16,16,16,15,14,16,15,12,12,12,12,12,12,8,14,12,12,11,26,8,8,8,8,8,8,8,8]} 1. e4 e5 2. Nf3 Nc6 3. Bb5 Nf6 4. O-O Nxe4 5. Re1 Nd6 6. Nxe5 Be7 7. Bf1 Nxe5 8. Rxe5 O-O 9. d4 Bf6 10. Re1 Re8 {C67: Ruy Lopez: Berlin Defence: 4 0-0 Nxe4} 11. c3 Rxe1 12. Qxe1 Ne8 13. d5 c6 {[#]} 14. Qd1 $146 ({Predecessor:} 14. Nd2 cxd5 15. Nf3 d6 16. Be3 Nc7 17. Qd2 Bd7 18. g3 {½-½ (32) Giri,A (2780)-Caruana,F (2827) Batumi 2018}) 14... b6 15. Bf4 Bb7 16. dxc6 dxc6 17. Nd2 c5 18. Nc4 Qxd1 19. Rxd1 Rd8 20. Rxd8 Bxd8 21. Bb8 a6 22. a4 b5 23. axb5 axb5 24. Na3 b4 25. Nc4 bxc3 26. bxc3 Bd5 27. Ba7 Bxc4 28. Bxc4 $11 {[%mdl 4096] Endgame KBB-KBN} Nd6 29. Bd5 Nb5 30. Bxc5 {With the idea Bb4.} Nxc3 31. Bc6 (31. Bc4 {is more complex.} Ne4 32. Be3 Be7 33. Bd5 Nc5 34. g4) 31... Ne2+ 32. Kf1 Nf4 33. Be3 Ne6 34. g3 Bf6 35. Bd5 g6 36. Ke2 Kg7 37. Bxe6 fxe6 {The position is equal.} 38. Kd3 Kf7 39. Ke4 h5 40. h3 Be7 {Accuracy: White = 58%, Black = 90%.} 1/2-1/2

[Event "6th GRENKE Chess Classic 2019"]
[Site "Karlsruhe/Baden-Baden"]
[Date "2019.04.24"]
[Round "5.3"]
[White "Vachier-Lagrave, Maxime"]
[Black "Aronian, Levon"]
[Result "1/2-1/2"]
[WhiteElo "2773"]
[BlackElo "2763"]
[Annotator "TA"]
[PlyCount "49"]
[EventDate "2019.03.30"]
[EventType "tourn"]
[EventCountry "GER"]
[SourceTitle "playchess.com"]
[Source "ChessBase"]
[SourceQuality "1"]

{[%evp 19,49,5,23,20,20,0,14,13,39,30,29,15,15,14,14,14,14,14,14,0,14,0,22,20,28,14,28,0,24,0,28,0]} 1. e4 e5 2. Nf3 Nc6 3. Bb5 a6 4. Ba4 Nf6 5. O-O Be7 6. Re1 b5 7. Bb3 O-O 8. a4 b4 9. a5 d6 10. d3 Be6 11. Bxe6 {C88: Closed Ruy Lopez: Anti-Marshall Systems} fxe6 12. Nbd2 d5 (12... Rb8 13. c3 Rb5 14. d4 bxc3 15. bxc3 exd4 16. cxd4 Nb4 17. d5 Ng4 18. Rf1 c5 19. dxc6 Nxc6 {½-½ (64) Amin,B (2709)-Ding,L (2812) Astana 2019}) 13. Nb3 {The position is equal.} d4 $146 ({Predecessor:} 13... Bd6 14. Bg5 Qe8 15. Bh4 Nh5 16. Bg3 Qg6 17. c3 bxc3 18. bxc3 Nf4 {½-½ (32) Nataf,I (2489)-Del Rio,R (2422) ICCF email 2016}) 14. Bd2 Rb8 15. Rc1 Rb5 16. h3 Qd6 17. Bg5 Nd7 18. Bxe7 Qxe7 19. Nfd2 Nc5 20. Nc4 Nb7 {[%cal Rc6a5]} 21. Ra1 Nd6 22. Ncd2 Nb7 23. Nc4 Nd6 24. Ncd2 Nb7 25. Nc4 {Accuracy: White = 41%, Black = 52%.} 1/2-1/2

[Event "6th GRENKE Chess Classic 2019"]
[Site "Karlsruhe/Baden-Baden"]
[Date "2019.04.24"]
[Round "5.4"]
[White "Svidler, Peter"]
[Black "Vallejo Pons, Francisco"]
[Result "1/2-1/2"]
[WhiteElo "2735"]
[BlackElo "2693"]
[Annotator "TA"]
[PlyCount "82"]
[EventDate "2019.03.30"]
[EventType "tourn"]
[EventCountry "GER"]
[SourceTitle "playchess.com"]
[Source "ChessBase"]
[SourceQuality "1"]

{[%evp 10,82,35,42,37,15,46,26,29,40,34,25,52,41,39,39,38,41,40,32,37,33,28,18,30,39,52,43,45,44,57,56,56,48,52,43,48,39,41,26,25,8,8,0,13,13,12,6,20,20,20,18,19,4,18,19,19,8,18,18,27,25,49,54,43,43,58,58,58,58,58,58,58,58,58]} 1. e4 e5 2. Nf3 Nc6 3. Bc4 Nf6 4. d3 h6 5. O-O d6 6. c3 g5 {C55: Two Knights: 4 d3, 4 d4 exd4 5 e5 and Max Lange Attack} 7. Nbd2 Bg7 8. Bb3 Nh5 $146 {White has an edge.} ({Predecessor:} 8... O-O 9. Nc4 d5 10. Ncxe5 dxe4 11. dxe4 Nxe5 12. Nxe5 Qxd1 13. Rxd1 Nxe4 14. Nd3 {½-½ (34) Giri,A (2783)-Matlakov,M (2700) St Petersburg 2018}) 9. Nc4 Nf4 10. Ne3 Be6 11. d4 exd4 12. Nf5 Bxf5 13. exf5 dxc3 14. bxc3 Ne5 15. Nxe5 dxe5 16. Qf3 {White wants to play Rd1.} O-O 17. Qxb7 Ne2+ 18. Kh1 Nxc1 19. Raxc1 Qf6 20. Qxc7 Qxf5 21. Bd5 Rad8 22. c4 Rd7 23. Qc6 Rfd8 24. Rcd1 Bf8 25. g3 Kg7 26. Kg2 (26. Qb5 {with more complications.} Rc7 27. Qa5 Rdd7 28. Qe1 Bc5 29. Qe2) 26... Qf6 (26... Bd6 {is interesting.} 27. Qb5 Rb8 28. Qc6 Rb6 29. Qc8 Rb8) 27. Qxf6+ Kxf6 28. Rb1 h5 29. h3 Bc5 30. Rb5 Rc7 31. Rfb1 g4 32. hxg4 hxg4 33. Rb7 Rdc8 34. f3 Bb6 35. Rxc7 Rxc7 36. fxg4 $11 {[%mdl 4096] Endgame KRB-KRB. White is slightly better.} e4 37. Rf1+ Kg7 38. Bxe4 Rxc4 39. Rxf7+ {[%mdl 64] [#] Decoy} Kxf7 40. Bd5+ {[%mdl 64] Double Attack} Kg7 41. Bxc4 Bc5 {Accuracy: White = 70%, Black = 65%.} 1/2-1/2

[Event "6th GRENKE Chess Classic 2019"]
[Site "Karlsruhe/Baden-Baden"]
[Date "2019.04.24"]
[Round "5.5"]
[White "Keymer, Vincent"]
[Black "Meier, Georg"]
[Result "1-0"]
[WhiteElo "2516"]
[BlackElo "2628"]
[Annotator "TA"]
[PlyCount "161"]
[EventDate "2019.03.30"]
[EventType "tourn"]
[EventCountry "GER"]
[SourceTitle "playchess.com"]
[Source "ChessBase"]
[SourceQuality "1"]

{[%evp 9,161,28,42,38,42,41,47,40,45,29,50,41,38,33,50,34,76,59,66,58,69,50,117,103,81,80,189,133,130,116,134,91,105,60,212,183,169,181,180,158,177,136,153,100,115,54,43,45,53,39,37,10,6,6,18,6,35,18,70,55,60,46,52,77,92,30,23,10,45,8,17,16,16,18,25,6,47,51,63,98,58,57,54,77,78,78,85,72,83,85,96,94,114,126,29959,29960,29956,29956,29955,29959,29959,29959,29963,29964,29964,29965,29964,29966,29965,29966,29956,29966,29965,29969,29959,29970,29970,29971,29971,29971,29971,29972,29972,29973,29973,29974,29974,29973,29975,29976,29976,29973,29973,29977,29977,29978,29978,29979,29978,29980,29986,29987,29987,29987,29987,29988,29988,29989,29989,29990,29990,29991,29991,29992]} 1. d4 e6 2. c4 Nf6 3. Nf3 d5 4. Nc3 dxc4 5. e4 b5 (5... Bb4 6. Bxc4 Nxe4 7. O-O Nf6 8. Qa4+ Nc6 9. Ne5 Rb8 10. d5 exd5 11. Nxd5 Nxd5 12. Nxc6 bxc6 13. Qxc6+ Qd7 14. Qxd5 {½-½ (31) Mamedyarov,S (2817)-Caruana,F (2832) Germany 2019}) 6. e5 {D24: Queen's Gambit Accepted: 3 Nf3 Nf6 4 Nc3} Nd5 7. Nxb5 Nb6 8. Be2 {White is slightly better.} Nc6 9. O-O Be7 10. Qd2 Bb7 11. Qf4 Qd7 12. Nc3 $146 {[%mdl 2048] White fights for an advantage.} ({Predecessor:} 12. Rd1 g5 13. Qg3 {½-½ (41) Dubov,D (2703)-Matlakov,M (2700) St Petersburg 2018}) 12... h6 13. Rd1 g5 14. Qg3 O-O-O $1 15. Be3 Nb4 (15... Bb4 $14) 16. Nd2 $16 h5 17. Nxc4 g4 (17... Nxc4 $16 18. Bxc4 h4) 18. Nxb6+ (18. Na5 $18) 18... axb6 19. Bb5 Bc6 20. Bxc6 Qxc6 21. Qf4 Rdf8 $2 (21... h4 $1 $14) 22. d5 $1 $18 {[%cal Rd5c6]} Nxd5 23. Nxd5 exd5 24. Rac1 Qb7 25. Qf5+ Kb8 26. Qd7 (26. Rd3 $142) 26... c5 $16 27. Qxd5 (27. Qb5 $1 $16) 27... Qxd5 $14 28. Rxd5 Rd8 29. Rdd1 Kc7 30. Kf1 Kc6 31. Ke2 Rhe8 32. f4 f6 (32... Ra8 {keeps more tension.} 33. Ra1 f6 34. a4 fxe5 35. fxe5 Bd8) 33. exf6 Bxf6 ({Black should try} 33... Rxd1 $1 $11 34. f7 (34. Rxd1 Bxf6 35. b3 b5 $11) 34... Rdd8 35. fxe8=R (35. fxe8=B+ Rxe8 36. b3 Bf6 $14) 35... Rxe8) 34. Rxd8 Rxd8 {[%mdl 4096] Endgame KRB-KRB} 35. b3 Re8 36. Kd3 Rd8+ 37. Kc2 (37. Ke4 $16) 37... Re8 $11 38. Re1 Kd5 (38... Ra8 $5 {[%cal Ra8a2]} 39. a4 b5 $16) 39. a4 Re4 40. Bd2 Rxe1 41. Bxe1 {KB-KB} Ke4 42. f5 {Bc3 is the strong threat.} h4 43. Bc3 Bxc3 44. Kxc3 Kxf5 $14 {KP-KP} 45. Kc4 Kf4 46. Kb5 Ke3 (46... g3 $2 47. hxg3+ Kxg3 48. Kxb6 $18) 47. Kxb6 Kf2 48. a5 {Strongly threatening g3.} (48. Kxc5 $2 Kxg2 49. a5 Kxh2 $19) 48... Kxg2 49. a6 Kxh2 $16 {And now ...g3 would win. K3P-KPP} 50. a7 g3 {Threatens to win with ...g2.} 51. a8=Q {Black must now prevent Qb8.} g2 $2 {[%mdl 8192]} (51... h3 $16) 52. Qb8+ {White mates.} Kh3 53. Qc8+ $1 {[%mdl 64] Double Attack} Kh2 54. Qc7+ Kh3 55. Qd7+ $1 Kh2 56. Qd6+ Kh3 57. Qe6+ $1 Kh2 58. Qe5+ {[%mdl 64] Double Attack} Kh3 59. Qe1 c4 {[#]} 60. b4 $1 ({Stronger than} 60. bxc4 g1=Q+ 61. Qxg1 $11) 60... c3 61. Kc6 c2 62. Qc1 Kh2 63. Qxc2 Kh3 64. Qd3+ ({Inferior is} 64. Qf2 g1=Q $11) 64... Kh2 65. Qe2 Kh3 66. Qe3+ Kh2 {[#]} 67. Qf2 $1 h3 68. b5 Kh1 69. Qg3 h2 {[#]} 70. Qf3 $1 Kg1 {[#]} 71. Qe3+ $1 ({Weaker is} 71. Qd1+ Kf2 $16) 71... Kf1 72. Qf4+ Kg1 73. b6 h1=Q {KQ-KQ} 74. b7 Qh7 75. b8=Q Kh1 {[#]} 76. Qf3 $1 Qc2+ 77. Kd5 Qd2+ 78. Ke4 Qc2+ 79. Ke5 Qc5+ 80. Kf6 Qd4+ 81. Kg6 {Accuracy: White = 63%, Black = 48%.} 1-0

[Event "6th GRENKE Chess Classic 2019"]
[Site "Karlsruhe/Baden-Baden"]
[Date "2019.04.26"]
[Round "6.1"]
[White "Vallejo Pons, Francisco"]
[Black "Caruana, Fabiano"]
[Result "1/2-1/2"]
[WhiteElo "2693"]
[BlackElo "2819"]
[Annotator "TA"]
[PlyCount "41"]
[EventDate "2019.03.30"]
[EventType "tourn"]
[EventCountry "GER"]
[SourceTitle "playchess.com"]
[Source "ChessBase"]
[SourceQuality "1"]

{[%evp 10,41,25,11,13,29,33,8,5,0,0,0,0,0,0,0,0,0,0,0,17,25,87,0,0,0,0,0,0,0,0,0,0,0]} 1. e4 e5 2. Nf3 Nc6 3. Nc3 Nf6 4. Bb5 Nd4 5. Bc4 Bc5 6. Nxe5 Qe7 {C48: Four Knights: 4 Bb5, replies other than 4...Bb4} 7. Nf3 (7. Bxf7+ Kf8 $17) 7... d5 $1 {[%cal Rd5c4]} ({Reject} 7... Nxe4 $6 8. Nd5 $16) 8. Bxd5 Bg4 $132 {[%mdl 2048] Black is not holding back} 9. d3 ({Much weaker is} 9. Bxb7 Rb8 $19) 9... O-O-O 10. Be3 Nxd5 11. Nxd5 Rxd5 12. exd5 Re8 $1 13. O-O Bxf3 $1 14. gxf3 Bd6 {[#] Threatens to win with ...Qh4.} 15. f4 (15. Bxd4 {leads to mate.} Qg5+ 16. Kh1 {[#]} Qf4 $1 {[%mdl 512]} 17. Be5 Bxe5 18. h3 Qh2#) 15... Qh4 $1 {[%cal Rh4h3]} 16. Bxd4 (16. Kh1 $16) 16... Bxf4 $11 {[%csl Gf4][%cal Rh4h2] The position is equal.} 17. Kg2 {[#]} Qg5+ $146 ({Predecessor:} 17... Qxh2+ 18. Kf3 Qh3+ 19. Kxf4 Qh2+ 20. Kf3 Qh3+ {½-½ (20) Kravtsiv,M (2654)-Wang,H (2711) Abu Dhabi 2018}) 18. Kh1 {Black must now prevent Qf3.} Qh4 $1 {[%csl Gf4][%cal Rh4h2]} 19. Kg2 {h3 is the strong threat.} Qg5+ 20. Kh1 {aiming for Qf3.} Qh4 $1 {[%csl Gf4][%cal Rh4h2]} 21. Kg2 1/2-1/2

[Event "6th GRENKE Chess Classic 2019"]
[Site "Karlsruhe/Baden-Baden"]
[Date "2019.04.26"]
[Round "6.2"]
[White "Naiditsch, Arkadij"]
[Black "Anand, Viswanathan"]
[Result "1-0"]
[WhiteElo "2695"]
[BlackElo "2774"]
[Annotator "TA"]
[PlyCount "59"]
[EventDate "2019.03.30"]
[EventType "tourn"]
[EventCountry "GER"]
[SourceTitle "playchess.com"]
[Source "ChessBase"]
[SourceQuality "1"]

{[%evp 13,59,0,0,0,0,-7,0,0,0,0,41,-6,23,24,17,35,22,0,30,0,0,0,43,33,57,64,95,92,76,89,137,134,152,150,144,141,153,149,154,132,200,194,227,189,340,344,336,320]} 1. e4 e5 2. Nf3 Nc6 3. Nc3 Nf6 4. Bb5 Nd4 5. Ba4 c6 6. Nxe5 d6 7. Nf3 Bg4 $1 {[#] Hoping for ...Qa5.} 8. d3 {C48: Four Knights: 4 Bb5, replies other than 4...Bb4} d5 {aiming for ...dxe4.} 9. exd5 Nxd5 {Threatens to win with ...Bb4.} 10. O-O {Black must now prevent Qe1+.The position is equal.} Be7 11. Re1 Nc7 $146 ({Predecessor:} 11... O-O 12. Nxd5 cxd5 13. c3 Bxf3 14. gxf3 Ne6 15. f4 d4 {½-½ (34) Rublevsky,S (2652)-Bacrot,E (2725) Khanty-Mansiysk 2005}) 12. Bg5 Nxf3+ (12... Nce6 {with more complications.} 13. Nxd4 Bxd1 14. Nxe6 fxe6 15. Rxe6 Bg4) 13. gxf3 Be6 14. Bxe7 Qxe7 15. Bb3 O-O-O 16. Qd2 Qf6 17. Qe3 Kb8 18. f4 Bf5 19. Qg3 Ne6 20. Bxe6 fxe6 21. Re5 h5 22. Kh1 h4 23. Qe3 Rhf8 24. Rg1 Rf7 25. a3 h3 26. Rg5 Rdf8 (26... b6 $16 27. a4 c5) 27. Ne2 $18 {[%cal Bc3e2,Be2g3,Bg3h5,Bh5g7][%mdl 32]} c5 28. Ng3 ({Don't do} 28. Rxc5 Qxb2 29. Nd4 a6 $16) ({Worse is} 28. Qxc5 Rc7 $11) 28... Bh7 $2 {[#]} (28... c4 {might work better.} 29. Nxf5 {[%mdl 64] Discovered Attack} (29. dxc4 Bxc2 30. Rxe6 Qd8 $16) 29... exf5) 29. Nh5 ({Weaker is} 29. Qxc5 Qxf4 30. Qe3 Qxe3 $15) 29... Qd8 30. Nxg7 {Accuracy: White = 68%, Black = 17%.} 1-0

[Event "6th GRENKE Chess Classic 2019"]
[Site "Karlsruhe/Baden-Baden"]
[Date "2019.04.26"]
[Round "6.3"]
[White "Meier, Georg"]
[Black "Carlsen, Magnus"]
[Result "0-1"]
[WhiteElo "2628"]
[BlackElo "2845"]
[Annotator "TA"]
[PlyCount "72"]
[EventDate "2019.03.30"]
[EventType "tourn"]
[EventCountry "GER"]
[SourceTitle "playchess.com"]
[Source "ChessBase"]
[SourceQuality "1"]

{[%evp 15,116,0,3,-14,-2,-9,0,-22,0,0,0,0,0,-6,0,0,0,0,0,-4,0,-27,0,0,0,0,0,-62,-34,-25,-26,-25,-29,-35,-36,-54,-52,-86,-76,-106,-111,-93,-124,-103,-65,-75,-42,-236,-229,-232,-233,-258,-255,-433,-284,-247,-243,-240,-241,-250,-166,-157,-161,-137,-144,-183,-85,-85,-88,-136,-93,-93,-93,-148,-52,-93,-93,-101,-93,-148,-148,-253,-121,-129,-127,-137,-136,-148,0,-121,0,-198,-148,-159,-159,-278,-148,-397,-395,-402,-396,-1446,-1429]} 1. Nf3 Nf6 2. g3 g6 3. Bg2 Bg7 4. O-O O-O 5. d4 d6 6. b3 b5 7. Bb2 Bb7 8. Nbd2 Nbd7 9. c4 {A49: 1 d4 Nf6 2 Nf3 g6 3 g3: Anti-King's Indian systems} bxc4 10. Nxc4 a5 11. Rc1 {The position is equal.} c5 12. dxc5 Nxc5 13. Bd4 {[#]} Ncd7 $146 ({Predecessor:} 13... Nfe4 14. Bxg7 Kxg7 15. Qd4+ f6 16. Rfd1 d5 {0-1 (61) Fridman,R (2463)-Timman,J (2575) Germany 2018}) 14. a4 Ra6 15. Na3 {[%cal Bc4a3,Ba3b5,Bb5a7,Ba7c6][%mdl 32]} Qa8 16. Nb5 Rc6 17. Rxc6 Bxc6 18. Ne1 Bxg2 19. Nxg2 Rc8 20. Na7 Rd8 21. Qc2 (21. Nb5 $11) 21... e5 $15 22. Be3 d5 23. Nc6 Re8 24. Bd2 Ne4 25. Nxa5 Rc8 26. Qa2 Ndf6 27. Be1 Nc3 $1 {[%cal Rc3a2]} 28. Bxc3 Rxc3 29. b4 Bf8 30. Qb2 d4 31. e3 $2 (31. Ne3 $1 $15) 31... Ne4 $1 $19 32. exd4 exd4 33. Nb3 d3 $1 ({Weaker is} 33... Bxb4 34. Nxd4 Ba3 35. Qe2 $17) 34. Rc1 $2 (34. Nc5 {was called for.} Bxc5 35. bxc5) 34... Rxc1+ 35. Qxc1 Qxa4 36. Qc4 d2 {Played: Ne4-c5} 0-1